[Event "Pere Noel"]
[Site "Montreal CAN"]
[Date "2011.12.29"]
[Round "4"]
[White "Yun, Chang"]
[Black "Barre, Michel"]
[Result "1-0"]
[WhiteElo "1935"]
[BlackElo "1831"]
[PlyCount "101"]
[GameId "2160767909573292"]
[EventDate "2011.12.26"]
[EventType "swiss"]
[EventRounds "5"]
[EventCountry "CAN"]
[SourceTitle "hb 2011"]

1. e4 e6 2. d4 d5 3. Nd2 c5 4. exd5 Qxd5 5. Ngf3 cxd4 6. Bc4 Qd6 7. O-O Nf6 8. Nb3 Nc6 9. Nbxd4 Nxd4 10. Nxd4 a6 11. a4 Be7 12. Be3 Bd7 13. Qe2 O-O 14. Rad1 Qb4 15. b3 e5 16. Nf3 Bg4 17. h3 Bxf3 18. Qxf3 Rfe8 19. Bd2 Qb6 20. a5 Qc7 21. Bc3 Rac8 22. Rfe1 Bd6 23. Qf5 Qe7 24. Kh1 Rc6 25. f4 e4 26. Bxf6 Qxf6 27. Qxf6 gxf6 28. Bd5 Rc7 29. Bxe4 Bxf4 30. Bxh7+ Kf8 31. Rxe8+ Kxe8 32. Be4 Re7 33. Bf3 Bg3 34. Kg1 Be1 35. Rd5 Bg3 36. Rd1 Be1 37. Bxb7 Bxa5 38. Bxa6 Be1 39. Kh2 f5 40. Rd4 Re3 41. Rd1 Bg3+ 42. Kg1 f4 43. Kf1 Ke7 44. Bc4 Re4 45. Bd5 Re3 46. Bf3 f5 47. b4 Ke6 48. b5 Bh4 49. b6 Bf6 50. b7 Be5 51. Rd8 1-0

[Event "Pere Noel"]
[Site "Montreal CAN"]
[Date "2011.12.30"]
[Round "5"]
[White "Auger, Bertrand"]
[Black "Pregent, Daniel"]
[Result "1/2-1/2"]
[WhiteElo "1941"]
[BlackElo "1830"]
[PlyCount "53"]
[GameId "2160767909573295"]
[EventDate "2011.12.26"]
[EventType "swiss"]
[EventRounds "5"]
[EventCountry "CAN"]
[SourceTitle "hb 2011"]

1. Nf3 Nf6 2. g3 e6 3. c4 b6 4. Bg2 Bb7 5. O-O c5 6. Nc3 a6 7. b3 Be7 8. Bb2 d6 9. d4 cxd4 10. Qxd4 Nc6 11. Qd2 Qc7 12. Rac1 Ne5 13. Nxe5 dxe5 14. e4 Rd8 15. Qe2 O-O 16. Rfd1 Bc5 17. Na4 Nd7 18. Rd2 Nb8 19. Rcd1 Nc6 20. Nxc5 bxc5 21. Qe3 Rxd2 22. Rxd2 Nd4 23. f4 f6 24. fxe5 fxe5 25. Rf2 a5 26. Rxf8+ Kxf8 27. Qf2+ 1/2-1/2

[Event "Pere Noel"]
[Site "Montreal CAN"]
[Date "2011.12.30"]
[Round "5"]
[White "Barre, Michel"]
[Black "Sprumont, Oscar"]
[Result "1/2-1/2"]
[WhiteElo "1831"]
[BlackElo "1796"]
[PlyCount "92"]
[GameId "2160767909573296"]
[EventDate "2011.12.26"]
[EventType "swiss"]
[EventRounds "5"]
[EventCountry "CAN"]
[SourceTitle "hb 2011"]

1. d4 Nf6 2. Bg5 d5 3. Bxf6 exf6 4. e3 c6 5. c4 Bb4+ 6. Nc3 dxc4 7. Bxc4 O-O 8. Nge2 Qc7 9. O-O Nd7 10. Rc1 Nb6 11. Bb3 Qe7 12. Nf4 Bd6 13. Qf3 f5 14. Rfe1 Qh4 15. g3 Qg5 16. Nd3 Rb8 17. d5 c5 18. Nb5 Qe7 19. e4 fxe4 20. Rxe4 Qd7 21. Nxd6 Qxd6 22. Nxc5 Nd7 23. Nd3 Nf6 24. Ra4 a6 25. Nf4 b5 26. Rc6 Qd8 27. Rd4 Bb7 28. Rc1 Qd6 29. h4 Rfe8 30. Nd3 Rbc8 31. Rd1 Red8 32. Nf4 Rc5 33. a3 Kf8 34. Qd3 Kg8 35. Ba2 Kf8 36. b4 Rc7 37. Qf3 Rdc8 38. Nh5 Nxh5 39. Qxh5 Kg8 40. Qf3 Re7 41. Bb1 Rce8 42. Qd3 g6 43. Kg2 Re5 44. Bc2 Re2 45. Rd2 R2e5 46. f4 Re3 1/2-1/2

[Event "Pere Noel"]
[Site "Montreal CAN"]
[Date "2011.12.30"]
[Round "5"]
[White "Bergeron, Rene"]
[Black "Chang, Michael"]
[Result "1-0"]
[WhiteElo "1665"]
[BlackElo "1859"]
[PlyCount "72"]
[GameId "2160767909573297"]
[EventDate "2011.12.26"]
[EventType "swiss"]
[EventRounds "5"]
[EventCountry "CAN"]
[SourceTitle "hb 2011"]

1. c4 Nf6 2. Nc3 g6 3. g3 Bg7 4. Bg2 O-O 5. Rb1 d6 6. b4 e5 7. d3 Ne8 8. Nf3 f5 9. Qb3 Kh8 10. O-O h6 11. a4 f4 12. c5 dxc5 13. bxc5 c6 14. Bb2 Qe7 15. Ne4 Nd7 16. Qc3 g5 17. Nfd2 g4 18. gxf4 exf4 19. Qc2 Bxb2 20. Qxb2+ Qe5 21. Nc4 Qxb2 22. Rxb2 f3 23. exf3 gxf3 24. Bh3 Nxc5 25. Bxc8 Nxa4 26. Rxb7 Rg8+ 27. Kh1 Rxc8 28. Rxa7 Nc7 29. Rxa4 Nd5 30. Ne5 Rcf8 31. Ra7 Nf4 32. d4 Ne2 33. Rd7 Rf4 34. Ng3 Nxd4 35. Rd6 Kh7 36. Nxc6 Rh4 1-0

[Event "Pere Noel"]
[Site "Montreal CAN"]
[Date "2011.12.30"]
[Round "5"]
[White "Forget, Luc"]
[Black "Humphreys, Michael"]
[Result "0-1"]
[WhiteElo "1991"]
[BlackElo "2234"]
[PlyCount "102"]
[GameId "2160767909573299"]
[EventDate "2011.12.26"]
[EventType "swiss"]
[EventRounds "5"]
[EventCountry "CAN"]
[SourceTitle "hb 2011"]

1. d4 Nf6 2. c4 e6 3. Nf3 b6 4. g3 Bb4+ 5. Bd2 Be7 6. Bg2 c6 7. O-O O-O 8. Bc3 Ne4 9. Qc2 d5 10. b3 Nxc3 11. Nxc3 Bb7 12. Rad1 Nd7 13. e4 dxe4 14. Nxe4 Qc7 15. Rfe1 Nf6 16. Ne5 Rad8 17. h4 c5 18. Nxf6+ Bxf6 19. Bxb7 Rxd4 20. Rxd4 cxd4 21. Qe4 Bxe5 22. Qxe5 Qxb7 23. Qxd4 Re8 24. Rd1 Qe7 25. Qd7 Kf8 26. Qc6 Rd8 27. Rxd8+ Qxd8 28. c5 Qd5 29. Qxd5 exd5 30. cxb6 axb6 31. Kf1 Ke7 32. Ke2 Kd6 33. Kd3 Kc5 34. a3 h5 35. f3 f5 36. Ke3 d4+ 37. Kd2 Kd6 38. Kc2 Kd5 39. Kd3 g5 40. f4 g4 41. Kd2 Ke4 42. a4 Kf3 43. b4 Kxg3 44. a5 bxa5 45. bxa5 Kxh4 46. a6 g3 47. a7 g2 48. a8=Q g1=Q 49. Qd8+ Kh3 50. Qg5 Qg4 51. Kd3 h4 0-1

[Event "Pere Noel"]
[Site "Montreal CAN"]
[Date "2011.12.30"]
[Round "5"]
[White "Jiang, Louie"]
[Black "Wu, Qiyou"]
[Result "1-0"]
[WhiteElo "2360"]
[BlackElo "2005"]
[PlyCount "63"]
[GameId "2160767909573301"]
[EventDate "2011.12.26"]
[EventType "swiss"]
[EventRounds "5"]
[EventCountry "CAN"]
[SourceTitle "hb 2011"]

1. e4 c5 2. Nc3 Nc6 3. f4 d6 4. Nf3 g6 5. Bb5 Bd7 6. O-O Bg7 7. d3 Nf6 8. Qe1 O-O 9. Qh4 e6 10. Bxc6 bxc6 11. Be3 Rb8 12. Rab1 Nh5 13. Qxd8 Rfxd8 14. e5 Bh6 15. g3 dxe5 16. Nxe5 Bf8 17. Ne4 f6 18. Nc4 f5 19. Nxc5 Bg7 20. Rfe1 Nf6 21. Ne5 Kf8 22. Nexd7+ Rxd7 23. Nxd7+ Nxd7 24. Bxa7 Ra8 25. Bf2 Ke7 26. a3 c5 27. c3 Kd6 28. Rbd1 Rb8 29. Re2 e5 30. fxe5+ Nxe5 31. Bxc5+ Kxc5 32. d4+ 1-0

[Event "Pere Noel"]
[Site "Montreal CAN"]
[Date "2011.12.30"]
[Round "5"]
[White "Larochelle, Martial"]
[Black "Clyde, Jordan"]
[Result "0-1"]
[WhiteElo "2220"]
[BlackElo "2026"]
[PlyCount "92"]
[GameId "2160767909573304"]
[EventDate "2011.12.26"]
[EventType "swiss"]
[EventRounds "5"]
[EventCountry "CAN"]
[SourceTitle "hb 2011"]

1. c4 Nf6 2. g3 d5 3. cxd5 Nxd5 4. Bg2 g6 5. Nc3 Nxc3 6. bxc3 Nc6 7. Nf3 Bg7 8. O-O O-O 9. Ng5 Ne5 10. d3 c6 11. Rb1 Qa5 12. Qc2 Rd8 13. d4 h6 14. Ne4 Nc4 15. Rb4 Nb6 16. Bd2 e5 17. e3 Nd5 18. Rb2 Qc7 19. c4 Nf6 20. Nxf6+ Bxf6 21. dxe5 Bxe5 22. Bc3 Bxc3 23. Qxc3 Bf5 24. e4 Be6 25. c5 b5 26. cxb6 axb6 27. Rc1 Rxa2 28. Rxa2 Bxa2 29. h4 h5 30. Bf3 c5 31. Qf6 Qd6 32. Qb2 Be6 33. Rb1 Rb8 34. Rd1 Qc7 35. Qf6 c4 36. Qg5 Kf8 37. g4 hxg4 38. h5 gxh5 39. e5 Qe7 40. Qxh5 Kg7 41. Rd4 Rh8 42. Rxg4+ Bxg4 43. Qxg4+ Kf8 44. Qc8+ Qe8 45. Qc7 Qe6 46. Be2 Qg6+ 0-1

[Event "Pere Noel"]
[Site "Montreal CAN"]
[Date "2011.12.30"]
[Round "5"]
[White "Lemieux, Serge"]
[Black "Robichaud, Louis"]
[Result "0-1"]
[WhiteElo "1507"]
[BlackElo "2098"]
[PlyCount "62"]
[GameId "2160767909573305"]
[EventDate "2011.12.26"]
[EventType "swiss"]
[EventRounds "5"]
[EventCountry "CAN"]
[SourceTitle "EXT 2022"]
[Source "ChessBase"]
[SourceDate "2021.10.06"]
[SourceVersion "1"]
[SourceVersionDate "2021.10.06"]
[SourceQuality "1"]

1. d4 Nf6 2. Bg5 c5 3. d5 Qb6 4. Nc3 Qxb2 5. Bd2 Qb6 6. e4 d6 7. f4 g6 8. e5 dxe5 9. fxe5 Nfd7 10. Rb1 Qd8 11. Nf3 a6 12. Bc4 Bg7 13. e6 fxe6 14. dxe6 Ne5 15. Nxe5 Bxe5 16. Qe2 Qd6 17. Nd5 Nc6 18. O-O Nd4 19. Qf2 Bxe6 20. Rb6 Nc6 21. Qf3 Rd8 22. Nc7+ Qxc7 23. Bxe6 Bf6 24. Rfb1 Rxd2 25. Rxb7 Qd6 26. Bg4 Ne5 27. Rb8+ Kf7 28. Qb3+ c4 29. Qc3 Rxb8 30. Rxb8 Nxg4 31. Qxc4+ Qe6 0-1

[Event "Pere Noel"]
[Site "Montreal CAN"]
[Date "2011.12.30"]
[Round "5"]
[White "Luksza, Arkadiusz"]
[Black "Malette, Martin"]
[Result "1-0"]
[WhiteElo "2158"]
[BlackElo "1931"]
[PlyCount "53"]
[GameId "2160767909573306"]
[EventDate "2011.12.26"]
[EventType "swiss"]
[EventRounds "5"]
[EventCountry "CAN"]
[SourceTitle "hb 2011"]

1. d4 Nf6 2. c4 g6 3. Nc3 d5 4. cxd5 Nxd5 5. e4 Nxc3 6. bxc3 Bg7 7. Be3 O-O 8. Qd2 c5 9. Rc1 Qa5 10. Nf3 cxd4 11. cxd4 Qxd2+ 12. Nxd2 Nc6 13. Nb3 e6 14. Bb5 Nb4 15. a3 a6 16. Be2 Nc6 17. O-O f5 18. f3 Rd8 19. Rfd1 f4 20. Bf2 Bf6 21. Bc4 b5 22. Bf1 Bd7 23. Nc5 Na5 24. Be1 Nc4 25. Bxc4 bxc4 26. Ba5 Ba4 27. Bxd8 1-0

[Event "Pere Noel"]
[Site "Montreal CAN"]
[Date "2011.12.30"]
[Round "5"]
[White "Luo, Zhao Yang"]
[Black "Prahov, Valentin"]
[Result "1-0"]
[WhiteElo "1929"]
[BlackElo "2131"]
[PlyCount "145"]
[GameId "2160767909573307"]
[EventDate "2011.12.26"]
[EventType "swiss"]
[EventRounds "5"]
[EventCountry "CAN"]
[SourceTitle "EXT 2022"]
[Source "ChessBase"]
[SourceDate "2021.10.06"]
[SourceVersion "1"]
[SourceVersionDate "2021.10.06"]
[SourceQuality "1"]

1. d4 Nf6 2. Nf3 g6 3. Bg5 Bg7 4. Nbd2 d5 5. e3 Bf5 6. c3 O-O 7. Be2 Nc6 8. O-O Ne4 9. Bh4 Qd7 10. Nxe4 Bxe4 11. Nd2 Bf5 12. Nb3 b6 13. Bf3 Be4 14. Bg4 Bf5 15. Bf3 Be4 16. Bg4 Bf5 17. Bf3 Nd8 18. Rc1 c6 19. Bg3 Rc8 20. Qe2 Ne6 21. Rfd1 Ng5 22. c4 h5 23. Nd2 Nxf3+ 24. Nxf3 Bg4 25. h3 Bxf3 26. Qxf3 Qe6 27. c5 b5 28. a4 b4 29. a5 Qd7 30. Ra1 Qb7 31. Qe2 a6 32. Ra4 e5 33. dxe5 Rfe8 34. Rd4 Qb5 35. Qc2 Bf8 36. Rdxb4 Qxc5 37. Qxc5 Bxc5 38. Rb3 Re7 39. Ra1 d4 40. Rc1 Ba7 41. Bf4 Rd7 42. Rd3 Rd5 43. b4 Rb5 44. Rc4 dxe3 45. Bxe3 Bxe3 46. Rxe3 Kf8 47. e6 Ke7 48. exf7+ Kxf7 49. Rec3 Ra8 50. Rf3+ Kg7 51. Rxc6 Kh6 52. Rff6 Rg8 53. Rb6 Rxb6 54. Rxb6 Ra8 55. h4 Ra7 56. f3 Kg7 57. Kf2 Kh6 58. Kg3 Ra8 59. Kf4 Rc8 60. Ke5 Rc4 61. g3 Kg7 62. Kd5 Rc3 63. Rxa6 Rxf3 64. b5 Rxg3 65. b6 Rb3 66. Kc6 Rc3+ 67. Kb7 g5 68. hxg5 h4 69. Ra8 h3 70. Rd8 h2 71. Rd1 Kg6 72. Rh1 Rc2 73. a6 1-0

[Event "Pere Noel"]
[Site "Montreal CAN"]
[Date "2011.12.30"]
[Round "5"]
[White "Manailoiu, Dragos"]
[Black "Malveau, Cedric"]
[Result "0-1"]
[WhiteElo "1834"]
[BlackElo "2015"]
[PlyCount "110"]
[GameId "2160767909573308"]
[EventDate "2011.12.26"]
[EventType "swiss"]
[EventRounds "5"]
[EventCountry "CAN"]
[SourceTitle "hb 2011"]

1. d4 Nf6 2. c4 e6 3. Nc3 Bb4 4. a3 Bxc3+ 5. bxc3 b6 6. f3 d6 7. e4 Nbd7 8. Bd3 e5 9. Ne2 O-O 10. O-O Bb7 11. Be3 Qe7 12. Ng3 g6 13. Qd2 exd4 14. cxd4 c5 15. d5 Ne5 16. Be2 Ba6 17. Rac1 Rfb8 18. Bg5 Ned7 19. a4 Qe5 20. Bf4 Qe7 21. Bg5 Qe5 22. f4 Qd4+ 23. Qxd4 cxd4 24. e5 Ne8 25. Bg4 Nc5 26. Rfd1 Rb7 27. Rxd4 Nb3 28. Rcd1 Nxd4 29. Rxd4 Rc7 30. Ne4 Rxc4 31. Rxc4 Bxc4 32. exd6 f5 33. d7 fxe4 34. Be6+ Kf8 35. d8=Q Rxd8 36. Bxd8 Ng7 37. Bd7 Bxd5 38. a5 bxa5 39. Bxa5 Ke7 40. Bb5 Ne6 41. Bb4+ Kd8 42. Ba5+ Kc8 43. Ba6+ Kd7 44. Bb5+ Bc6 45. Bxc6+ Kxc6 46. g3 Kb5 47. Bd2 a5 48. Kf2 a4 49. Ke3 Nc5 50. Bc3 Kc4 51. Bb2 h5 52. Ba3 Kd5 53. h3 Nb3 54. Bb4 Nd4 55. Be7 Nf5+ 0-1

[Event "Pere Noel"]
[Site "Montreal CAN"]
[Date "2011.12.30"]
[Round "5"]
[White "Monczak, Mariusz"]
[Black "Couture, Jonathan"]
[Result "1/2-1/2"]
[WhiteElo "1894"]
[BlackElo "1762"]
[PlyCount "37"]
[GameId "2160767909573310"]
[EventDate "2011.12.26"]
[EventType "swiss"]
[EventRounds "5"]
[EventCountry "CAN"]
[SourceTitle "hb 2011"]

1. e4 c5 2. Nf3 Nc6 3. d4 cxd4 4. Nxd4 Nf6 5. Nc3 e5 6. Nb3 Bb4 7. Bd3 d5 8. exd5 Nxd5 9. Bd2 Be6 10. Nxd5 Qxd5 11. O-O Rf8 12. Qe2 Bxd2 13. Nxd2 Nd4 14. Qe4 f5 15. Qxd5 Bxd5 16. Nb3 Ke7 17. Nxd4 exd4 18. Rad1 Rad8 19. b3 1/2-1/2

[Event "Pere Noel"]
[Site "Montreal CAN"]
[Date "2011.12.30"]
[Round "5"]
[White "Nikulich, Oleksandr"]
[Black "Ramaswamy, Kiran"]
[Result "0-1"]
[WhiteElo "1812"]
[BlackElo "1947"]
[PlyCount "72"]
[GameId "2160767909573311"]
[EventDate "2011.12.26"]
[EventType "swiss"]
[EventRounds "5"]
[EventCountry "CAN"]
[SourceTitle "hb 2011"]

1. e4 c5 2. Ne2 Nc6 3. g3 d6 4. Bg2 g6 5. c3 Bg7 6. d4 cxd4 7. cxd4 Qb6 8. Nbc3 Nxd4 9. Nd5 Qc5 10. O-O Bg4 11. Qa4+ b5 12. Qa5 Nxe2+ 13. Kh1 Rc8 14. Be3 Bd4 15. Bxd4 Nxd4 16. b4 Qc4 17. h3 Nc6 18. Qa6 Nxb4 19. Nxb4 Qxb4 20. hxg4 Qc5 21. Rac1 Qxc1 22. Rxc1 Rxc1+ 23. Kh2 Rc5 24. Qxa7 Kf8 25. Qa3 Nf6 26. Bf3 Rg5 27. Qb2 Kg8 28. Qe2 Kg7 29. Qb2 Rb8 30. Be2 Kg8 31. f3 Rc5 32. a4 Rbc8 33. Kg1 bxa4 34. Qa2 Rc2 35. Qxa4 Rxe2 36. Qa6 Rc1# 0-1

[Event "Pere Noel"]
[Site "Montreal CAN"]
[Date "2011.12.30"]
[Round "5"]
[White "Perna-Fraser, David"]
[Black "Cardin, Guillaume"]
[Result "1-0"]
[WhiteElo "1623"]
[BlackElo "1960"]
[PlyCount "73"]
[GameId "2160767909573312"]
[EventDate "2011.12.26"]
[EventType "swiss"]
[EventRounds "5"]
[EventCountry "CAN"]
[SourceTitle "hb 2011"]

1. e4 c5 2. Nf3 e6 3. d4 cxd4 4. Nxd4 a6 5. Nc3 b5 6. Bd3 Bc5 7. Be3 Qb6 8. Nce2 Nc6 9. c3 Nf6 10. b4 Bxd4 11. Nxd4 Qc7 12. Rc1 Ne5 13. f3 Bb7 14. O-O Nc4 15. Bxc4 Qxc4 16. Nb3 d5 17. Na5 Qc7 18. Nxb7 Qxb7 19. e5 Nd7 20. f4 O-O 21. Qg4 Kh8 22. Rf3 a5 23. Rg3 Rg8 24. Rh3 Nf8 25. Bc5 axb4 26. cxb4 Rxa2 27. Bxf8 Rxf8 28. Rg3 g6 29. h4 Rc8 30. Rf1 Qa7+ 31. Kh2 Ra3 32. Qg5 Rxg3 33. Qf6+ Kg8 34. Kxg3 Qd7 35. Ra1 d4 36. h5 d3 37. h6 1-0

[Event "Pere Noel"]
[Site "Montreal CAN"]
[Date "2011.12.30"]
[Round "5"]
[White "Voskanyan, Vahagn"]
[Black "Gelet, Seymour"]
[Result "1-0"]
[WhiteElo "2231"]
[BlackElo "2000"]
[PlyCount "85"]
[GameId "2160767909573313"]
[EventDate "2011.12.26"]
[EventType "swiss"]
[EventRounds "5"]
[EventCountry "CAN"]
[SourceTitle "hb 2011"]

1. Nf3 d5 2. d4 Nf6 3. c4 e6 4. Nc3 Be7 5. Bg5 Nbd7 6. e3 O-O 7. Rc1 c6 8. Bd3 dxc4 9. Bxc4 Nd5 10. Bxe7 Qxe7 11. O-O Nxc3 12. Rxc3 e5 13. e4 exd4 14. Qxd4 Re8 15. Re1 Ne5 16. Nxe5 Qxe5 17. Rd1 Kf8 18. Rf3 f6 19. Qxe5 Rxe5 20. Rd8+ Re8 21. Rxe8+ Kxe8 22. e5 Ke7 23. exf6+ gxf6 24. Rg3 b5 25. Rg7+ Kd6 26. Bd3 Be6 27. a3 a5 28. Bxh7 b4 29. h4 c5 30. h5 c4 31. axb4 axb4 32. Rb7 b3 33. Rb6+ Ke5 34. Bg6 f5 35. f4+ Kd5 36. h6 Bd7 37. h7 Kc5 38. Rb7 Kc6 39. Ra7 Rb8 40. Ra1 Kd6 41. Rc1 Be6 42. Kf2 Kd5 43. Re1 1-0

[Event "Pere Noel"]
[Site "Montreal CAN"]
[Date "2011.12.30"]
[Round "5"]
[White "Yu, Zong Yang"]
[Black "Trottier, Emile"]
[Result "1-0"]
[WhiteElo "1814"]
[BlackElo "2163"]
[PlyCount "113"]
[GameId "2160767909573314"]
[EventDate "2011.12.26"]
[EventType "swiss"]
[EventRounds "5"]
[EventCountry "CAN"]
[SourceTitle "hb 2011"]

1. d4 e6 2. c4 f5 3. Nc3 d5 4. Bf4 c6 5. e3 Nf6 6. Nf3 Ne4 7. Bd3 Nd7 8. h3 Ndf6 9. O-O Be7 10. Rb1 O-O 11. Qc2 h6 12. Ne5 Nh5 13. Bh2 Bd6 14. Qe2 Bxe5 15. dxe5 Qh4 16. cxd5 exd5 17. Bxe4 fxe4 18. f4 g5 19. fxg5 Qxg5 20. Rxf8+ Kxf8 21. Rf1+ Ke7 22. g4 Be6 23. Kh1 Ng7 24. Qf2 Rg8 25. Bf4 Qg6 26. Qh4+ Ke8 27. Qxh6 Qxh6 28. Bxh6 Rf8 29. Rf6 Rxf6 30. exf6 Nh5 31. gxh5 Bxh3 32. Bg7 Kf7 33. h6 Kg8 34. Nd1 c5 35. Nf2 Bf5 36. Kg2 d4 37. exd4 cxd4 38. f7+ Kxf7 39. Bxd4 Kg6 40. Bxa7 Kxh6 41. Kg3 Be6 42. b3 Kg7 43. Nxe4 Kf8 44. Kf4 Bd5 45. Bc5+ Kf7 46. Nc3 Bc6 47. Ke5 Ke8 48. Kd6 Kd8 49. Bb6+ Kc8 50. Bc7 Be8 51. a4 Bf7 52. b4 Bb3 53. a5 Bc4 54. Na4 b5 55. Nb6+ Kb7 56. Nxc4 bxc4 57. Bb6 1-0

[Event "Pere Noel"]
[Site "Montreal CAN"]
[Date "2011.12.30"]
[Round "5"]
[White "Zhu, Hong Rui"]
[Black "Peng, Jackie"]
[Result "1-0"]
[WhiteElo "2114"]
[BlackElo "2030"]
[PlyCount "89"]
[GameId "2160767909573315"]
[EventDate "2011.12.26"]
[EventType "swiss"]
[EventRounds "5"]
[EventCountry "CAN"]
[SourceTitle "hb 2011"]

1. e4 c5 2. Nf3 d6 3. c3 Nf6 4. Be2 Bd7 5. d3 g6 6. O-O Bg7 7. h3 O-O 8. Be3 c4 9. d4 Nxe4 10. Bxc4 e6 11. Nbd2 d5 12. Bd3 f5 13. Bf4 Nc6 14. Bb5 g5 15. Nxe4 fxe4 16. Bxg5 Qe8 17. Nh2 Kh8 18. Ng4 Qg6 19. Qd2 e5 20. Bxc6 bxc6 21. Nxe5 Bxe5 22. dxe5 h6 23. Bxh6 Rg8 24. g3 Bxh3 25. Kh2 Bxf1 26. Rxf1 Qh5+ 27. Kg2 Qf3+ 28. Kh2 Rg6 29. Rh1 Rag8 30. Bf4 Kg7 31. Kg1 Kf7 32. c4 Ke6 33. cxd5+ cxd5 34. Qc1 Kf5 35. Rh7 R6g7 36. Rh6 d4 37. e6 Kg4 38. Rh4+ Kf5 39. Qc5+ Kf6 40. Rh6+ Rg6 41. Qe5+ Ke7 42. Rh7+ R8g7 43. Rxg7+ Rxg7 44. Qxg7+ Kxe6 45. Qxd4 1-0

[Event "Pop 1"]
[Site "Montreal CAN"]
[Date "2011.03.12"]
[Round "1"]
[White "Morin, Louis"]
[Black "Lescarbeau, Martin"]
[Result "1-0"]
[WhiteElo "1894"]
[BlackElo "1621"]
[PlyCount "135"]
[GameId "2160767909787458"]
[EventDate "2011.03.12"]
[EventType "tourn"]
[EventRounds "3"]
[EventCountry "CAN"]

1. e4 c6 2. d4 d5 3. exd5 cxd5 4. Nf3 e6 5. Bf4 Nc6 6. Bd3 Bd6 7. Bxd6 Qxd6 8. O-O Nf6 9. Nc3 a6 10. Qd2 h6 11. Rae1 O-O 12. Re2 Nb4 13. Ne5 Nxd3 14. Qxd3 Nd7 15. Rfe1 Nxe5 16. Rxe5 b5 17. R1e3 Bd7 18. Rh3 f5 19. f4 Rac8 20. Ne2 b4 21. Nc1 Ba4 22. Nb3 Bxb3 23. Qxb3 Rc4 24. c3 bxc3 25. bxc3 Kh7 26. Rhe3 Rc6 27. Qb4 Rf6 28. Qxd6 Rxd6 29. Kf2 g5 30. g3 Kg6 31. Kf3 g4+ 32. Ke2 Rb6 33. Kd3 Kf7 34. c4 dxc4+ 35. Kxc4 Rc6+ 36. Rc5 Rb6 37. Rb3 Rd6 38. Rb7+ Kg6 39. Rcc7 Rf8 40. Rg7+ Kh5 41. Rh7 Rc8+ 42. Kb3 Rg8 43. Kc4 Rc8+ 44. Rbc7 Rc6+ 45. Rxc6 Rxc6+ 46. Kd3 Kg6 47. Rd7 Kf6 48. d5 exd5 49. Rxd5 Ke6 50. Re5+ Kf6 51. Ra5 Ke6 52. Kd4 Rd6+ 53. Kc5 Rd5+ 54. Kb6 Rd6+ 55. Ka7 Kd7 56. Rxa6 Rd2 57. Rxh6 Rxa2+ 58. Kb6 Rb2+ 59. Kc5 Rc2+ 60. Kd5 Re2 61. Rh7+ Ke8 62. Rh5 Ke7 63. Rxf5 Rxh2 64. Rg5 Kf6 65. Rxg4 Rh5+ 66. Ke4 Rh1 67. Rg5 Re1+ 68. Kf3 1-0

[Event "Pop 1"]
[Site "Montreal CAN"]
[Date "2011.03.12"]
[Round "2"]
[White "Morin, Louis"]
[Black "Cardin, Guillaume"]
[Result "1/2-1/2"]
[WhiteElo "1894"]
[BlackElo "1849"]
[PlyCount "139"]
[GameId "2160767909787459"]
[EventDate "2011.03.12"]
[EventType "tourn"]
[EventRounds "3"]
[EventCountry "CAN"]

1. e4 g6 2. d4 Bg7 3. Nf3 d6 4. Bc4 e6 5. Nc3 Ne7 6. O-O b6 7. Qe2 Bb7 8. Bd2 Nd7 9. Rad1 O-O 10. Rfe1 a6 11. a4 c5 12. dxc5 Nxc5 13. e5 d5 14. Bg5 h6 15. Bh4 Qc7 16. Ba2 Nf5 17. Bg3 Rac8 18. Nd4 Nxg3 19. hxg3 Qd7 20. b3 Nxb3 21. Bxb3 Rxc3 22. Rd3 Qc7 23. Rxc3 Qxc3 24. Rd1 Rc8 25. Rd3 Qc7 26. f4 Bf8 27. Kh2 Bc5 28. Nf3 Bc6 29. Nd4 Bxd4 30. Rxd4 b5 31. Qd2 bxa4 32. Bxa4 Bxa4 33. Rxa4 Qxc2 34. Qxc2 Rxc2 35. Rxa6 g5 36. f5 exf5 37. Rxh6 Kg7 38. Rd6 Rd2 39. Kh3 Rd3 40. Rd7 Kf8 41. Kh2 Rd1 42. Rd6 Ke7 43. Rf6 f4 44. gxf4 gxf4 45. Rxf4 Re1 46. Rf5 Ke6 47. Rf6+ Ke7 48. Rf5 d4 49. Rf4 d3 50. Rd4 Rd1 51. Kg3 Ke6 52. Kf3 d2 53. Ke2 Rg1 54. Kxd2 Rxg2+ 55. Ke3 Kxe5 56. Re4+ Kf5 57. Rf4+ Kg6 58. Kf3 Rg1 59. Rg4+ Rxg4 60. Kxg4 f6 61. Kf4 f5 62. Kf3 Kg5 63. Kg3 f4+ 64. Kf3 Kf5 65. Kf2 Ke5 66. Kf3 Kf5 67. Kf2 Ke4 68. Ke2 f3+ 69. Kf2 Kf4 70. Kf1 1/2-1/2

[Event "Pop 1"]
[Site "Montreal CAN"]
[Date "2011.03.12"]
[Round "3"]
[White "Gauthier, Luc"]
[Black "Morin, Louis"]
[Result "1/2-1/2"]
[WhiteElo "1738"]
[BlackElo "1894"]
[PlyCount "76"]
[GameId "2160767909787460"]
[EventDate "2011.03.12"]
[EventType "tourn"]
[EventRounds "3"]
[EventCountry "CAN"]

1. e4 d5 2. exd5 Qxd5 3. Nc3 Qa5 4. d4 e5 5. dxe5 Qxe5+ 6. Qe2 Qxe2+ 7. Bxe2 Bd7 8. Bf4 Bc6 9. Nf3 Bd6 10. Bxd6 cxd6 11. O-O-O Nf6 12. Rxd6 O-O 13. Ne5 Bxg2 14. Rg1 Ne4 15. Nxe4 Bxe4 16. Nxf7 Nc6 17. Ng5 Bg6 18. Bc4+ Kh8 19. Rxg6 Ne5 20. Nf7+ Nxf7 21. Rxg7 Ne5 22. Bd3 Nxd3+ 23. cxd3 Rxf2 24. Rxb7 Rxh2 25. Rgg7 a5 26. d4 Rf8 27. Rgf7 Rg8 28. Rf1 Rc8+ 29. Kd1 Rh4 30. Rff7 Rxd4+ 31. Ke2 Rh4 32. Kf3 Rg8 33. Ra7 a4 34. a3 Rh3+ 35. Kf2 Rh2+ 36. Kf3 Rh3+ 37. Kf2 Rh2+ 38. Kf3 Rh3+ 1/2-1/2

[Event "Pop 2"]
[Site "Montreal CAN"]
[Date "2011.05.14"]
[Round "2"]
[White "Cardin, Guillaume"]
[Black "Morin, Louis"]
[Result "1/2-1/2"]
[WhiteElo "1941"]
[BlackElo "1918"]
[PlyCount "121"]
[GameId "2160767909787462"]
[EventDate "2011.03.12"]
[EventType "tourn"]
[EventRounds "3"]
[EventCountry "CAN"]

1. e4 e5 2. Nf3 d6 3. d4 Nf6 4. Nc3 Nbd7 5. Bc4 Be7 6. Be3 c6 7. Qe2 O-O 8. O-O b5 9. Bb3 b4 10. Na4 Nxe4 11. dxe5 Nxe5 12. Nxe5 dxe5 13. Bxa7 Rxa7 14. Qxe4 Qc7 15. c3 c5 16. cxb4 Bb7 17. Qc4 Qc6 18. f3 Rxa4 19. b5 Rxc4 20. bxc6 Rb4 21. cxb7 c4 22. Bc2 Rxb7 23. b3 Bc5+ 24. Kh1 Bd4 25. Rab1 cxb3 26. Bxb3 Rfb8 27. Rfc1 Kf8 28. Rc6 Ke7 29. Rbc1 Kd8 30. g3 f6 31. Kg2 Rb6 32. h4 Rxc6 33. Rxc6 Rc8 34. Rd6+ Ke7 35. Re6+ Kd7 36. Ra6 Rc7 37. g4 Rc1 38. Be6+ Ke7 39. Bf5 Rg1+ 40. Kh2 g6 41. Be4 Re1 42. h5 Kf7 43. Rc6 Re2+ 44. Kh3 Bg1 45. Rc7+ Ke6 46. hxg6 hxg6 47. Bxg6 Rxa2 48. Bf7+ Kd6 49. Rc1 Ra7 50. Rd1+ Kc5 51. Bg6 Be3 52. Re1 Bf4 53. Re2 Ra8 54. Kg2 Rh8 55. Bh5 Kd4 56. Kf2 f5 57. Ra2 fxg4 58. fxg4 Rc8 59. Ra4+ Kc5 60. Kf3 Kb5 61. Ra7 1/2-1/2

[Event "Pop 2"]
[Site "Montreal CAN"]
[Date "2011.05.14"]
[Round "3"]
[White "Morin, Louis"]
[Black "Nikulich, Oleksandr"]
[Result "0-1"]
[WhiteElo "1918"]
[BlackElo "1697"]
[PlyCount "48"]
[GameId "2160767909787463"]
[EventDate "2011.03.12"]
[EventType "tourn"]
[EventRounds "3"]
[EventCountry "CAN"]

1. e4 e5 2. Nf3 Nc6 3. Bc4 Nf6 4. Ng5 d5 5. exd5 Na5 6. Bb5+ c6 7. dxc6 bxc6 8. Qf3 Bb7 9. Ba4 Bd6 10. Nc3 O-O 11. d3 c5 12. Nge4 Nxe4 13. dxe4 Nc4 14. Bb3 Nb6 15. Be3 Qc7 16. O-O-O Be7 17. Nd5 Nxd5 18. Bxd5 c4 19. c3 a5 20. Rd2 a4 21. Bxb7 Qxb7 22. Qf5 a3 23. Qxe5 axb2+ 24. Kb1 Rxa2 0-1